000 00432nam a2200181Ia 4500
001 4025
005 20260306145725.0
008 260306t1972||||xx |||||||||||||| ||spa||
041 _aESP
082 _a306.47
_bH25
100 _aHauser, Arnold
_eAUT
245 0 _aHistoria social de la literatura y el arte
260 _c1972
300 _a312 páginas :
_c18 cm.
650 _aGEN
654 _aCHU
942 _cLIB
_dJUS
_fJUS
_2ddc
_n
999 _c4025
_d4025